Most Valuable Brands (by various rankings) - Statistics

General Stats
  • This quiz has been taken 26 times
  • The average score is 27 of 40
Answer Stats
Metric Brand % Correct
Kantar Apple
96%
Interbrand Apple
96%
Brand Finance Apple
96%
Forbes Apple
96%
Kantar Google
96%
Interbrand Google
96%
Brand Finance Google
96%
Forbes Google
96%
Kantar Amazon
88%
Interbrand Amazon
88%
Brand Finance Amazon
88%
Forbes Amazon
88%
Kantar Microsoft
84%
Interbrand Microsoft
84%
Brand Finance Microsoft
84%
Forbes Microsoft
84%
Kantar Facebook
80%
Brand Finance Facebook
80%
Forbes Facebook
80%
Interbrand Samsung
68%
Brand Finance Samsung
68%
Forbes Samsung
68%
Kantar Nvidia
56%
Brand Finance Nvidia
56%
Interbrand Toyota
52%
Interbrand Coca-Cola
48%
Forbes Coca-Cola
48%
Forbes Louis Vuitton
48%
Kantar McDonald's
48%
Interbrand McDonald's
48%
Forbes McDonald's
48%
Interbrand Mercedes-Benz
48%
Brand Finance Walmart
48%
Interbrand BMW
44%
Kantar Instagram
44%
Kantar Oracle
40%
Forbes Disney
32%
Brand Finance TikTok
32%
Kantar Visa
32%
Brand Finance State Grid Corporation
4%
No matching quizzes found
Score Distribution
Percent of People with Each Score
Percentile by Number Answered
Your Score History
You have not taken this quiz